Y học tùng thư

Sparad:
Bibliografiska uppgifter
Huvudupphovsman: An Nhân Nguyễn Tử Siêu
Materialtyp: Bok
Språk:Undetermined
Publicerad: H. Y Học 2002
Ämnen:
Taggar: Lägg till en tagg
Inga taggar, Lägg till första taggen!
Thư viện lưu trữ: Trung tâm Học liệu Trường Đại học Cần Thơ
LEADER 00499nam a2200181Ia 4500
001 CTU_54102
008 210402s9999 xx 000 0 und d
020 |b 99000 
082 |a 615.882 
082 |b A105 
100 |a An Nhân Nguyễn Tử Siêu 
245 0 |a Y học tùng thư 
245 3 |c An Nhân Nguyễn Tử Siêu 
260 |a H. 
260 |b Y Học 
260 |c 2002 
650 |a folk medicine,medical plants 
980 |a Trung tâm Học liệu Trường Đại học Cần Thơ